000 00792nam a2200253Ia 4500
003 OSt
005 20240726155403.0
008 210210b1995 xxu||||| |||| 00| 0 eng d
040 _cAL
041 _aKannada
082 _aK894.109 CHAB
100 _aCHANDRASHEKHARA PATILA.
_9138902
_dಚಂದ್ರಶೇಖರ ಪಾಟೀಲ
245 _aBendre nanu kandante nanage kandashtu.
_bಬೇಂದ್ರೆ ನಾನು ಕಂಡಂತೆ ನನಗೆ ಕಂಡಷ್ಟು
260 _aDharavada
_bSankramana Prakashana
_c1995
300 _a40
650 _ananu
_9138903
650 _ananage
_9138904
650 _akandashtu.
_9138905
650 _akandante
_9138906
650 _aBendre
_9138907
690 _aKannada Poetry Criticism
_9138908
906 _a050987
942 _2ddc
_cBK
999 _c99711
_d99711